Lana Del Rey- Music to Watch Boys To (All Lyrics) - Statistics

General Stats
  • This quiz has been taken 233 times
  • The average score is 148 of 225
Answer Stats
Lyrics % Correct
I
99%
a
97%
I, I, I
97%
what
96%
like
95%
you
95%
lot
94%
music
93%
on
93%
watch
91%
the
90%
boys
88%
do
87%
to
87%
So
86%
want
85%
So-o-o-o
84%
my
81%
watching
79%
me
75%
I'm
74%
No
74%
know
73%
Putting
73%
only
70%
play
70%
always
68%
girls
68%
while
68%
Pink
66%
see
66%
flamingos
63%
up
59%
fascinated
58%
noise
58%
you're
58%
of
57%
yeah
57%
just
56%
leave
56%
Cause
54%
Singing
54%
and
52%
one
51%
Playing
49%
toys
48%
soak
47%
can
46%
destroy
46%
soft
46%
ribbons
45%
Ribbons
45%
leaving
44%
going
42%
grunge
42%
guitars
40%
with
39%
lies
38%
Lies
38%
It
36%
Oh
35%
oh
35%
eternity
34%
sent
34%
never
32%
buy
31%
that
31%
ice
30%
We're
28%
push
26%
right
26%
record
25%
akin
23%
holds
22%
their
22%
barred
21%
single
21%
felt
20%
Blue
19%
I've
19%
been
17%
living
15%
Velveteen
15%
Hos
11%
ones
7%
No matching quizzes found
Score Distribution
Percent of People with Each Score
Percentile by Number Answered
Your Score History
You have not taken this quiz